| 000 | 00406cam a2200145ua 4500 | ||
|---|---|---|---|
| 041 |
_aeng _h |
||
| 082 |
_a828.09 _bBOD/AR |
||
| 100 | _aBodkin, Maud . | ||
| 245 |
_aArchetypal patterns in poetry: Psychological studies of imagination / _cMaud Bodkin. _hTextual Documents |
||
| 260 |
_aLondon : _bOxford University Press , _c1965. |
||
| 300 | _a340 ; . | ||
| 504 | _a | ||
| 942 | _cBK | ||
| 999 |
_c3917 _d3917 |
||